| 000 | 00396nam a22001457a 4500 | ||
|---|---|---|---|
| 005 | 20200617142052.0 | ||
| 008 | 200617b xxu||||| |||| 00| 0 eng d | ||
| 082 | _a345.4 AIR | ||
| 110 |
_aALL INDIA REPORTER _96149 |
||
| 245 | _aALL INDIA REPORTER [1990] [VOL-77] KARNATAKA SECTION | ||
| 260 |
_aMUMBAI _bALL INDIA REPORTER, PVT. LTD. |
||
| 300 | _a384;p | ||
| 650 |
_aLAW _95701 |
||
| 942 | _cJRL | ||
| 999 |
_c7202 _d7200 |
||